Luxury Fashion Marketing and Branding (Record no. 4847)

MARC details
000 -CABECERA
campo de control de longitud fija 03108nam a2200361 i 4500
001 - NÚMERO DE CONTROL
campo de control 10505169
003 - IDENTIFICADOR DEL NÚMERO DE CONTROL
campo de control CaAEU
005 - FECHA Y HORA DE LA ÚLTIMA TRANSACCIÓN
campo de control 20250709142827.0
006 - CÓDIGOS DE INFORMACIÓN DE LONGITUD FIJA--CARACTERÍSTICAS DEL MATERIAL ADICIONAL
campo de control de longitud fija m o d
007 - CAMPO FIJO DE DESCRIPCIÓN FÍSICA--INFORMACIÓN GENERAL
campo de control de longitud fija cr cnu||||||||
008 - DATOS DE LONGITUD FIJA--INFORMACIÓN GENERAL
campo de control de longitud fija 240807s2025 enk ob 001 0 eng d
020 ## - NÚMERO INTERNACIONAL ESTÁNDAR DEL LIBRO
Número Internacional Estándar del Libro 9781032206882
035 ## - NÚMERO DE CONTROL DEL SISTEMA
Número de control de sistema on1452466890
039 ## - NIVEL DE CONTROL BIBLIOGRÁFICO Y DETALLES DE CODIFICACIÓN [OBSOLETO]
Nivel de reglas en descripción bibliográfica exclude
040 ## - FUENTE DE LA CATALOGACIÓN
Centro catalogador/agencia de origen MiAaPQ
Lengua de catalogación eng
Normas de descripción rda
-- pn
Centro/agencia transcriptor MiAaPQ
Centro/agencia modificador MiAaPQ
-- AEU
041 ## - CÓDIGO DE LENGUA
Código de lengua del texto/banda sonora o título independiente English
050 #4 - SIGNATURA TOPOGRÁFICA DE LA BIBLIOTECA DEL CONGRESO
Número de clasificación HD9940.A2
Número de documento/Ítem .D355 2025
100 ## - ENTRADA PRINCIPAL--NOMBRE DE PERSONA
Nombre de persona Dallabona, Alice
Término indicativo de función/relación author.
9 (RLIN) 24415
245 10 - MENCIÓN DE TÍTULO
Título Luxury Fashion Marketing and Branding
Resto del título : A Strategic Approach
Mención de responsabilidad, etc. / Alice Dallabona.
250 ## - MENCIÓN DE EDICIÓN
Mención de edición First edition.
264 #1 - PRODUCCIÓN, PUBLICACIÓN, DISTRIBUCIÓN, FABRICACIÓN Y COPYRIGHT
Producción, publicación, distribución, fabricación y copyright Abingdon, England :
Nombre del de productor, editor, distribuidor, fabricante Routledge,
Fecha de producción, publicación, distribución, fabricación o copyright [2025]
264 #4 - PRODUCCIÓN, PUBLICACIÓN, DISTRIBUCIÓN, FABRICACIÓN Y COPYRIGHT
Fecha de producción, publicación, distribución, fabricación o copyright ©2025
300 ## - DESCRIPCIÓN FÍSICA
Extensión viii, 186 pages
490 1# - MENCIÓN DE SERIE
Mención de serie Mastering Fashion Management Series
504 ## - NOTA DE BIBLIOGRAFÍA, ETC.
Nota de bibliografía, etc. Includes bibliographical references and index.
505 ## - NOTA DE CONTENIDO CON FORMATO
Nota de contenido con formato Part I: Luxury Fashion Branding<br/>— What is Luxury —<br/>— What is a Luxury Fashion Brand —<br/>— Strategic Challenges for Luxury Fashion Brands —<br/><br/>Part II: Luxury Fashion Retail and Consumer Behaviour<br/>— Luxury Fashion Consumer Behaviour —<br/>— Luxury Fashion Retail —<br/><br/>Part III: Luxury Fashion Marketing and Communication<br/>— Brand Identity for Luxury Fashion Marketing Communications —<br/>— Luxury Fashion Promotion and Advertising —<br/>— Digital and Social Media Marketing for Luxury Fashion —<br/><br/>Part IV: The Future of Luxury Fashion Branding and Marketing<br/>— Luxury Fashion Marketing and Emerging Technologies —<br/>— Diversity, Inclusivity and Cultural Sensitivity —<br/>— Sustainability and Ethical Issues in Luxury Fashion.
520 ## - SUMARIO, ETC.
Sumario, etc. Luxury Fashion Marketing and Branding offers a comprehensive analysis of the key theories and concepts needed to understand the promotion of luxury fashion products. It covers subjects including luxury fashion retailing, digital marketing and communication, data analytics, emerging technologies, consumer behaviour and PR. The textbook also offers a focused discussion of the challenges faced by luxury fashion brands to meet growing customer demand for ethical and sustainable practice, including concerns related to diversity, inclusivity, and cultural sensitivity.<br/><br/>This textbook is grounded in business practices, featuring real-world examples and international case studies from both established and modern brands. Chapter objectives and summaries aid comprehension, whilst end-of-chapter questions and activities enable further research and discussion.<br/><br/>Luxury Fashion Marketing and Branding is ideal for advanced undergraduate and postgraduate students of fashion marketing and communications, luxury fashion business and luxury brand management. Its applied approach will also make it suitable for those studying for an Executive MBA in Fashion and Luxury Management. Online resources include an instructor’s manual, lecture slides and a test bank.
588 ## - NOTA DE FUENTE DE LA DESCRIPCIÓN
Nota de fuente de la descripción Description based on print version record.
650 #0 - PUNTO DE ACCESO ADICIONAL DE MATERIA--TÉRMINO DE MATERIA
Término de materia o nombre geográfico como elemento de entrada Branding (Marketing)
9 (RLIN) 6284
650 #0 - PUNTO DE ACCESO ADICIONAL DE MATERIA--TÉRMINO DE MATERIA
Término de materia o nombre geográfico como elemento de entrada Fashion merchandising
9 (RLIN) 8540
830 #0 - PUNTO DE ACCESO ADICIONAL DE SERIE-TÍTULO UNIFORME
Título uniforme Mastering fashion management.
942 ## - ELEMENTOS DE ENTRADA AGREGADA (KOHA)
Fuente del sistema de clasificación o colocación Clasificación de Library of Congress
Holdings
Estado de retiro Estado de pérdida Fuente del sistema de clasificación o colocación Estado dañado No para préstamo Biblioteca de origen Biblioteca actual Fecha de adquisición Total de préstamos Signatura topográfica completa Fecha visto por última vez Número de copia Precio válido a partir de Tipo de ítem Koha Nota pública
    Clasificación de Library of Congress     TBS Barcelona TBS Barcelona 09/07/2025   HD9940.A2 DAL 09/07/2025 1 09/07/2025 Book SOON AVAILABLE

Powered by Koha